<?xml version="1.0" encoding="UTF-8"?>
<marc:record xmlns:marc="http://www.loc.gov/MARC21/slim">
   <marc:leader>00000nam a2200000 a 4500</marc:leader>
   <marc:datafield ind1="1" ind2=" " tag="100">
      <marc:subfield code="a">Fast, Maria</marc:subfield>
      <marc:subfield code="4">ctb</marc:subfield>
      <marc:subfield code="e">Mitwirkende/-r</marc:subfield>
   </marc:datafield>
   <marc:datafield ind1="1" ind2=" " tag="100">
      <marc:subfield code="a">Terler, Stefan</marc:subfield>
      <marc:subfield code="4">edt</marc:subfield>
      <marc:subfield code="e">Bearbeiter/-in</marc:subfield>
   </marc:datafield>
   <marc:datafield ind1=" " ind2=" " tag="653">
      <marc:subfield code="a">Mathematikunterricht</marc:subfield>
   </marc:datafield>
   <marc:datafield ind1=" " ind2=" " tag="653">
      <marc:subfield code="a">Bildungsstandard</marc:subfield>
   </marc:datafield>
   <marc:datafield ind1=" " ind2=" " tag="653">
      <marc:subfield code="a">Volksschule</marc:subfield>
   </marc:datafield>
   <marc:datafield ind1=" " ind2=" " tag="653">
      <marc:subfield code="a">Mathematik</marc:subfield>
   </marc:datafield>
   <marc:datafield ind1=" " ind2=" " tag="653">
      <marc:subfield code="a">Volksschule Grundstufe I + II</marc:subfield>
   </marc:datafield>
   <marc:datafield ind1=" " ind2=" " tag="653">
      <marc:subfield code="a">Softcover / Schule</marc:subfield>
   </marc:datafield>
   <marc:datafield ind1=" " ind2=" " tag="653">
      <marc:subfield code="a">Lernen/Unterrichtsvorbereitung</marc:subfield>
   </marc:datafield>
   <marc:datafield ind1="0" ind2="0" tag="245">
      <marc:subfield code="a">Themenheft Mathematik "Problemlösen"</marc:subfield>
   </marc:datafield>
   <marc:datafield ind1="0" ind2="0" tag="245">
      <marc:subfield code="b">Volksschule Grundstufe I + II ; [Bildungsstandards für höchste Qualität an Österreichs Schulen ; Information für Lehrer/innen</marc:subfield>
   </marc:datafield>
   <marc:datafield ind1="0" ind2="0" tag="245">
      <marc:subfield code="c">Bifie, Bundesinstitut Bildungsforschung, Innovation und Entwicklung des Österreichischen Schulwesens ; BMUK, Bundesministerium für Unterricht, Kunst und Kultur. Red.: Stefan Terler &amp; Martina Wegerer. Autorinnen und Autoren: Maria Fast ...</marc:subfield>
   </marc:datafield>
   <marc:datafield ind1=" " ind2="1" tag="264">
      <marc:subfield code="a">Graz</marc:subfield>
      <marc:subfield code="b">Leykam</marc:subfield>
      <marc:subfield code="c">2013</marc:subfield>
   </marc:datafield>
   <marc:datafield ind1="1" ind2=" " tag="490">
      <marc:subfield code="a">Bifie - Bildung, Standards</marc:subfield>
   </marc:datafield>
   <marc:datafield ind1="1" ind2=" " tag="520">
      <marc:subfield code="a">Angaben aus der Verlagsmeldung

Themenheft Mathematik "Problemlösen" : Volksschule Grundstufe I + II

Das vorliegende Themenheft „Mathematik“ zum allgemeinen Kompetenzbereich „Problemlösen“ ist das dritte einer Reihe von Themenheften, die ergänzend zum Praxishandbuch „Mathematik“ 4. Schulstufe vom Bundesinstitut für Bildungsforschung, Innovation &amp; Entwicklung des österreichischen Schulwesens in Kooperation mit dem Bundesministerium für Unterricht, Kunst und Kultur herausgegeben werden. Das Heft
beinhaltet fachdidaktische Texte, in der Praxis erprobte Unterrichtsbeispiele und zahlreiche Vorschläge, um Problemlösekompetenzen der Kinder zu stärken. Diese Kombination von methodischen Anregungen und konkreten Hilfestellungen soll Lehrerinnen und Lehrern die Vorbereitung und Gestaltung des Unterrichts auf der Grundstufe I und Grundstufe II erleichtern.
</marc:subfield>
   </marc:datafield>
   <marc:datafield ind1=" " ind2=" " tag="020">
      <marc:subfield code="a">9783701178636</marc:subfield>
      <marc:subfield code="9">9783701178636</marc:subfield>
   </marc:datafield>
   <marc:datafield ind1=" " ind2=" " tag="041">
      <marc:subfield code="a">ger</marc:subfield>
   </marc:datafield>
   <marc:datafield ind1=" " ind2=" " tag="300">
      <marc:subfield code="a">98 S.</marc:subfield>
   </marc:datafield>
</marc:record>
